Statistics for Guess the GD level!

Click here to take the quiz!

General Stats

  • This quiz has been taken 483 times
  • The average score is 10 of 35

Answer Stats

AnagramAnswer% Correct
ThabooldbBloodbath
92%
IhHi
83%
CylsactmaCataclysm
77%
AtyaargausYatagarasu
68%
Avwa CisonSonic Wave
59%
Dluoe AemsrtoDuelo Maestro
54%
Shauba TevorxBausha Vortex
42%
YgowlGlowy
42%
Vedli TevoxrDevil Vortex
40%
HopsobPhobos
35%
Rimsocn LtcureCrimson Clutter
33%
Teah RawHate War
29%
BsureeErebus
28%
Hte Asphe LutmteiaThe Ultimate Phase
25%
Lelh PenukasSakupen Hell
24%
OturebakBreakout
23%
Labkc ZzairldbBlack Blizzard
22%
DtreahHatred
21%
NtahaotsaAthanatos
20%
OrrauaAurora
19%
Aysbs FerlaninInfernal Abyss
19%
Ecsdnte IgilatDigital Descent
17%
StycimMystic
17%
Vide TepceeonidDeception Dive
15%
Tyci RedagacCadrega City
14%
Cracti NareaArctic Arena
13%
CraolpsioAcropolis
12%
TofefEffot
12%
Duexr AtmeetslaStalemate Redux
11%
SrisoiOsiris
10%
CorenlisopNecropolis
9%
IscnopreyhHypersonic
8%
LlbtoilKillbot
8%
TabetrehtHeartbeat
7%
VsailonNovalis
6%

Score Distribution

Percentile by Number Answered

Percent of People with Each Score

Your Score History

You have not taken this quiz